Discurso pronunciado por José Ramón Alvarez Rendueles, Gobernador del Banco de España ante el Consejo General / (Record no. 22793)

MARC details
000 -LEADER
campo de control de longitud fija 00568nam a2200157 i 4500
001 - NÚMERO DE CONTROL
campo de control 22793
003 - IDENTIFICADOR DE NÚMERO DE CONTROL
campo de control ES-MaACL
005 - FECHA Y HORA DE LA ÚLTIMA TRANSACCIÓN
campo de control 20230906152746.0
007 - CAMPO FIJO DE DESCRIPCIÓN FÍSICA--INFORMACIÓN GENERAL
campo de control de longitud fija t|
008 - DATOS DE LONGITUD FIJA--INFORMACIÓN GENERAL
campo de control de longitud fija 021204s1984 sp ||||1| spa d
100 1# - ENTRADA PRINCIPAL--NOMBRE DE PERSONA
Nombre de persona Alvarez Rendueles, José Ramón.
9 (RLIN) 20929
245 10 - MENCIÓN DEL TÍTULO
Título Discurso pronunciado por José Ramón Alvarez Rendueles, Gobernador del Banco de España ante el Consejo General /
Mención de responsabilidad, etc. José Ramón Alvarez Rendueles.
260 ## - PUBLICACIÓN, DISTRIBUCIÓN, ETC.
Lugar de publicación, distribución, etc. [Madrid :
Nombre del editor, distribuidor, etc. s.n.,
Fecha de publicación, distribución, etc. 1984] (
Fabricante Tall. Gráf. Banco de España)
300 ## - DESCRIPCIÓN FÍSICA
Extensión 18 p. ;
Dimensiones 26 cm.
852 ## - LOCALIZACIÓN
Ubicación ES-MaACL
Número de control de estantería 2133-F-14
Sublocalización o colección R.106573
Holdings
Estatus retirado Estado de pérdida Estado de daño No para préstamo Colección Biblioteca de origen Biblioteca actual Ubicación en estantería Fecha de adquisición Fuente de adquisición Total de préstamos Signatura topográfica completa Código de barras Visto por última vez Precio de reemplazo Tipo de ítem Koha
        Colección de folletos Biblioteca del Ateneo de Madrid Biblioteca del Ateneo de Madrid Depósito folletos 17/01/2008     2133-F-14 1023471 23/02/2023 23/02/2023 Folleto